The income approach to property valuation (Record no. 114661)
[ view plain ]
| 000 -LEADER | |
|---|---|
| fixed length control field | 01501cam a2200217 4500 |
| 001 - CONTROL NUMBER | |
| control field | L157228 |
| 008 - FIXED-LENGTH DATA ELEMENTS--GENERAL INFORMATION | |
| fixed length control field | 061020n2006 000 0 eng u |
| 022 ## - INTERNATIONAL STANDARD SERIAL NUMBER | |
| International Standard Serial Number | 9780080966915 |
| 035 ## - SYSTEM CONTROL NUMBER | |
| System control number | (Sirsi) u157228 |
| 041 0# - LANGUAGE CODE | |
| Language code of text/sound track or separate title | eng |
| 100 1# - MAIN ENTRY--PERSONAL NAME | |
| Personal name | Baum, Andrew |
| 245 04 - TITLE STATEMENT | |
| Title | The income approach to property valuation |
| Medium | [electronic resource] |
| 260 ## - PUBLICATION, DISTRIBUTION, ETC. | |
| Name of publisher, distributor, etc. | TRoutledge Ltd |
| Date of publication, distribution, etc. | 2012 |
| 520 ## - SUMMARY, ETC. | |
| Summary, etc. | This classic text has been updated to meet the needs of today's students. It has been revised in line with the 2011 seventh edition of the RICS Valuation Standards and covers the latest valuation techniques including the important area of investment appraisals. It will help readers understand the complex world of property valuation, in particular: how to analyze market rents and sales prices to derive market evidence to support an opinion of market value the investment method of valuation and how it's applied in practice how specific legal factors can impact on market value when they interfere with market forces what the market and the profession may consider to be the 'right' methodology in today's market place how to use spreadsheets in valuation. This new edition places a particular emphasis on investment valuations and the impact of landlord and tenant relationships on value. |
| 590 ## - LOCAL NOTE (RLIN) | |
| Local note | KA |
| 650 24 - SUBJECT ADDED ENTRY--TOPICAL TERM | |
| Topical term or geographic name entry element | EBOOK |
| 651 #4 - SUBJECT ADDED ENTRY--GEOGRAPHIC NAME | |
| Geographic name | United Kingdom |
| Chronological subdivision | |
| 690 ## - LOCAL SUBJECT ADDED ENTRY--TOPICAL TERM (OCLC, RLIN) | |
| Topical term or geographic name as entry element | vALUATION |
| 9 (RLIN) | 6273 |
| 856 48 - ELECTRONIC LOCATION AND ACCESS | |
| Uniform Resource Identifier | <a href="https://www.vlebooks.com/">https://www.vlebooks.com/</a> |
| Public note | View on VLEbooks. Logins for members only from [email protected] |
| 942 ## - ADDED ENTRY ELEMENTS (KOHA) | |
| Suppress in OPAC | 0 |
| Withdrawn status | Lost status | Source of classification or shelving scheme | Damaged status | Not for loan | Home library | Current library | Shelving location | Date acquired | Total Checkouts | Full call number | Barcode | Date last seen | Copy number | Price effective from | Koha item type |
|---|---|---|---|---|---|---|---|---|---|---|---|---|---|---|---|
| Dewey Decimal Classification | Virtual | Virtual | Online | 01/10/2012 | EBOOK | 157228-2001 | 06/08/2019 | 1 | 06/08/2019 | Book |